Jaryna / (Record no. 36)

MARC details
000 -ETYKIETA REKORDU
pole stałej długości 01290nam a2200385 i 4500
001 - NUMER KONTROLNY REKORDU
pole kontrolne 991007382859705066
005 - DATA OSTATNIEJ MODYFIKACJI REKORDU
pole kontrolne 20260503184003.0
008 - DANE KONTROLNE (POLA STAŁEJ DŁUGOŚCI)
pole stałej długości 981023s1987 pl |000 j pol
009 - STREFA OPISU FIZYCZNEGO POLA STAŁEJ DŁUGOŚCI DLA KOLEKCJI ARCHIWALNYCH [NIEUŻYWANE]
pole stałej długości b0000001191584
015 ## - NUMER NARODOWEJ BIBLIOGRAFII
Numer bibliografii narodowej UWD 1987/9319
020 ## - MIĘDZYNARODOWY ZNORMALIZOWANY NUMER KSIĄŻKI
Międzynarodowy Znormalizowany Numer Książki 8320538831
035 ## - NUMER SYSTEMOWY REKORDU
Numer systemowy 991007382859705066
035 ## - NUMER SYSTEMOWY REKORDU
Numer systemowy (PL-WaBN)b11915845-48omnis_nlop
035 ## - NUMER SYSTEMOWY REKORDU
Numer systemowy b11915845
035 ## - NUMER SYSTEMOWY REKORDU
Numer systemowy (OCoLC)830210640
035 ## - NUMER SYSTEMOWY REKORDU
Numer systemowy zz2004864051
035 ## - NUMER SYSTEMOWY REKORDU
Numer systemowy (PL)b0000001191584
035 ## - NUMER SYSTEMOWY REKORDU
Numer systemowy (EXLNZ-48OMNIS_NETWORK)9910266543405606
040 ## - INSTYTUCJA SPORZĄDZAJĄCA REKORD
Instytucja, która przygotowała dane do khw WA N
Instytucja, która wprowadziła rekord WA N
Instytucja, która zmodyfikowała rekord ZDU_1
080 ## - SYMBOL UNIWERSALNEJ KLASYFIKACJI DZIESIĘTNEJ
Symbol Uniwersalnej Klasyfikacji Dziesiętnej 884-3
100 1# - HASŁO GŁÓWNE - NAZWA OSOBOWA
Nazwa osobowa Kraszewski, Józef Ignacy
Daty biograficzne (1812-1887)
245 10 - STREFA TYTUŁU I OZNACZENIA ODPOWIEDZIALNOŚCI
Tytuł Jaryna /
Pozostałe elementy strefy tytułu i oznaczenia odpowiedzialności Józef Ignacy Kraszewski ; [przygot. do dr. i przypisami opatrzył Stanisław Burkot].
260 ## - STREFA ADRESU WYDAWNICZEGO
Miejsce wydania, dystrybucji itp. Warszawa :
Nazwa wydawcy, dystrybutora itp. Ludowa Spółdzielnia Wydawnicza,
Data wydania, dystrybucji itp. 1987
Miejsce druku (Tor. :
Nazwa drukarni ZG).
300 ## - STREFA OPISU FIZYCZNEGO
Określenie formy dokumentu i/lub objętość 143, [1] s. ;
Wymiary 17 cm.
336 ## - TYP ZAWARTOŚCI
Termin opisujący typ zawartości Tekst
Kod określający zawartość txt
Źródło rdacontent
337 ## - TYP MEDIÓW
Tryb odtwarzania Bez urządzenia pośredniczącego
Kod typu mediów n
Źródło rdamedia
338 ## - TYP/RODZAJ NOŚNIKA
Hasło opisujące typ nośnika Wolumin
Kod typu nośnika nc
Źródło rdacarrier
380 ## - FORMA DZIEŁA
Forma dzieła Książki
500 ## - UWAGA OGÓLNA
Uwaga ogólna Tekst oparto na wydaniu z 1855 r.
648 #7 - HASŁO PRZEDMIOTOWE - OKREŚLENIE CZASU
Określenie czasu 1801-1900
Źródło hasła lub deskryptora DBN
655 #7 - HASŁO W FUNKCJI TEMATU FORMALNEGO
Temat Opowiadanie polskie
Określnik chronologiczny 19 w.
Źródło terminu DBN
700 1# - HASŁO DODATKOWE - NAZWA OSOBOWA
Nazwa osobowa Burkot, Stanisław
Daty biograficzne (1932-2019)
Określenie rodzaju współpracy Opracowanie
710 2# - HASŁO DODATKOWE - NAZWA CIAŁA ZBIOROWEGO
Nazwa ciała zbiorowego lub nazwa geograficzna jako pierwszy element Ludowa Spółdzielnia Wydawnicza
Powiązanie pbl
942 ## - ADDED ENTRY ELEMENTS (KOHA)
Źródło klasyfikacji lub schemat ustawienia na półkach Inne/Ogólny schemat klasyfikacji
Typ egzemplarza Koha Książki
Ukryj w OPAC Nie
Holdings
Wycofany Zagubiony Źródło klasyfikacji lub schemat ustawienia na półkach Status uszkodzenia Nie można wypożyczyć Biblioteka macierzysta Obecna biblioteka Data nabycia Źródło nabycia Cena Numer inwentarzowy Numer akcesji Razem wypożyczeń Sygnatura Kod kreskowy Ostatnio widziany Cena obowiązuje od Typ egzemplarza Koha
    Inne/Ogólny schemat klasyfikacji     Księgozbiór Prywatny Rytwiany Księgozbiór Prywatny Rytwiany 19/07/2014 Dar wewnętrzny 10.00 RYT-025 1/2014   R.25 2000000000251 03/05/2026 03/05/2026 Książki